| 000 | 00751nam a22002417a 4500 | ||
|---|---|---|---|
| 001 | 3268 | ||
| 003 | FISKH | ||
| 005 | 20240222150902.0 | ||
| 008 | 240222b cb ||||| |||| 00| 0 eng d | ||
| 040 |
_aFISK _beng _cFISK _dFISK |
||
| 050 | _aPZ8.P426 | ||
| 082 | _a398.2 | ||
| 100 |
_aPerrault Charles _d1628-1703 |
||
| 245 |
_aPuss in Boots / _cby Charles Perrault |
||
| 260 |
_aNew York : _bFarrar Straus Giroux, _c1990 |
||
| 300 |
_a28 unnumbered pages : _billustrations : _c28 cm |
||
| 505 | _aS | ||
| 520 | _aA retelling of the French fairy tale in which a clever cat wins his master a fortune and the hand of a princess. | ||
| 521 | 8 |
_a790
_bLexile |
|
| 521 | 8 |
_aS _bRaz-Plus |
|
| 700 | _aCharles Perrault | ||
| 942 |
_2ddc _cBK _n0 |
||
| 999 |
_c3268 _d3268 |
||